| 000 | 00778nam a22001937a 4500 | ||
|---|---|---|---|
| 999 |
_c11150 _d11150 |
||
| 003 | AR-CdUCM | ||
| 008 | 190403b ||||| |||| 00| 0 spa d | ||
| 040 |
_aMUNICIPALIDAD PROVINCIAL DEL CUSCO _cBIBLIOTECA MUNICIPAL DEL CUSCO |
||
| 082 |
_a301.8 / _bM36 / 1941 |
||
| 100 |
_aMedina Echevarría, José _98952 |
||
| 245 |
_aSociología : _bteoría y técnica / |
||
| 260 |
_aMéxico D. F : _bFondo de Cultura Económica, _c1941. |
||
| 300 |
_a202 páginas ; _c21 cm. |
||
| 505 | _aContenido: La sociología como ciencia -- Las dicotomías metodológicas -- Las dicotomías metodológicas ( continuación) -- La construcción teórica -- La investigación y sus técnicas. | ||
| 650 |
_aSociología _9276 |
||
| 650 |
_aMetodología _92264 |
||
| 942 |
_2ddc _cLIBROS |
||
| 945 | _aacv | ||